[Event "BL2-Nord 0304"]
[Site "Germany"]
[Date "2003.??.??"]
[Round "?.4"]
[White "Sievers, Stefan"]
[Black "Dankert, Peter"]
[Result "1-0"]
[WhiteElo "2355"]
[BlackElo "2235"]
[PlyCount "61"]
[EventDate "2003.10.??"]
[EventType "team-tourn"]
[EventRounds "9"]
[EventCountry "GER"]
[SourceTitle "CBM 100 Extra"]
[Source "ChessBase"]
[SourceDate "2004.07.06"]
[SourceVersion "2"]
[SourceVersionDate "2004.07.06"]
[SourceQuality "1"]
[WhiteTeam "Hamburger SK II"]
[BlackTeam "Hamburg Schachfreunde"]
[WhiteTeamCountry "GER"]
[BlackTeamCountry "GER"]

1. c4 Nf6 2. Nf3 c5 3. Nc3 e6 4. e3 Nc6 5. d4 d5 6. a3 a6 7. Bd3 Be7 8. 0-0 0-0 9. Re1 dxc4 10. Bxc4 b5 11. Ba2 Bb7 12. d5 exd5 13. Nxd5 Nxd5 14. Bxd5 Na5 15. e4 Bxd5 16. exd5 Bf6 17. Rb1 Nc4 18. b3 Nd6 19. Bf4 Rc8 20. Ne5 Nf5 21. Qg4 g6 22. Rbd1 c4 23. bxc4 bxc4 24. Nc6 Qb6 25. Be5 Bxe5 26. Rxe5 Nd6 27. Qf3 Qc5 28. Qf6 Rfe8 29. h4 Ne4 30. Qf3 f6 31. Rxe4 1-0

[Event "Balatonlelle IM"]
[Site "Balatonlelle"]
[Date "2002.06.30"]
[Round "11"]
[White "Brustkern, Juergen"]
[Black "Dankert, Peter"]
[Result "1-0"]
[WhiteElo "2293"]
[BlackElo "2260"]
[PlyCount "49"]
[EventDate "2002.06.20"]
[EventType "tourn"]
[EventRounds "11"]
[EventCountry "HUN"]
[EventCategory "3"]
[SourceTitle "EXT 2004"]
[Source "ChessBase"]
[SourceDate "2003.11.25"]
[SourceVersion "1"]
[SourceVersionDate "2003.11.25"]
[SourceQuality "1"]

1. e4 c5 2. Nf3 e6 3. d3 d5 4. Nbd2 Nc6 5. g3 Bd6 6. Bg2 Nge7 7. 0-0 0-0 8. Re1 Bc7 9. c3 b6 10. e5 a5 11. h4 Ba6 12. Nf1 b5 13. h5 Rb8 14. h6 g6 15. N1h2 d4 16. cxd4 Nxd4 17. Bg5 Ndc6 18. Ng4 Qc8 19. Bf6 Nd5 20. Bg7 Re8 21. Ng5 Bd8 22. Ne4 Be7 23. Rc1 c4 24. dxc4 bxc4 25. Qxd5 1-0

[Event "Balatonlelle IM"]
[Site "Balatonlelle"]
[Date "2002.06.28"]
[Round "9"]
[White "Kiss, Pal"]
[Black "Dankert, Peter"]
[Result "0-1"]
[WhiteElo "2387"]
[BlackElo "2260"]
[PlyCount "84"]
[EventDate "2002.06.20"]
[EventType "tourn"]
[EventRounds "11"]
[EventCountry "HUN"]
[EventCategory "3"]
[SourceTitle "EXT 2004"]
[Source "ChessBase"]
[SourceDate "2003.11.25"]
[SourceVersion "1"]
[SourceVersionDate "2003.11.25"]
[SourceQuality "1"]

1. d4 Nf6 2. c4 e6 3. g3 d5 4. Nf3 Be7 5. Bg2 0-0 6. 0-0 c5 7. cxd5 exd5 8. Nc3 Nc6 9. Bg5 cxd4 10. Nxd4 h6 11. Be3 Re8 12. Rc1 Bf8 13. Nxc6 bxc6 14. Na4 Bd7 15. Bc5 Bg4 16. Re1 Bxc5 17. Nxc5 Qa5 18. h3 Bf5 19. Na4 Rac8 20. Rc5 Qb4 21. a3 Qb8 22. Qd4 Be4 23. Ra5 Bxg2 24. Kxg2 Re7 25. e3 Qd6 26. b4 Qd7 27. Rc1 Qf5 28. Nc5 h5 29. Qd3 Qe5 30. h4 Ng4 31. Nb3 Qf6 32. Rc2 Rce8 33. Re2 Ne5 34. Qd1 Qf3+ 35. Kg1 Nc4 36. Nd4 Qg4 37. Rc5 Nxe3 38. Qd3 Nc4 39. Rxe7 Rxe7 40. Nxc6 Re1+ 41. Kh2 Ne3 42. fxe3 Qf3 0-1

[Event "Balatonlelle IM"]
[Site "Balatonlelle"]
[Date "2002.06.23"]
[Round "4"]
[White "Dankert, Peter"]
[Black "Wittmann, Walter"]
[Result "1/2-1/2"]
[WhiteElo "2260"]
[BlackElo "2332"]
[PlyCount "22"]
[EventDate "2002.06.20"]
[EventType "tourn"]
[EventRounds "11"]
[EventCountry "HUN"]
[EventCategory "3"]
[SourceTitle "EXT 2004"]
[Source "ChessBase"]
[SourceDate "2003.11.25"]
[SourceVersion "1"]
[SourceVersionDate "2003.11.25"]
[SourceQuality "1"]

1. d4 Nf6 2. c4 g6 3. Nc3 d5 4. cxd5 Nxd5 5. e4 Nxc3 6. bxc3 Bg7 7. Nf3 c5 8. Bb5+ Bd7 9. Bxd7+ Nxd7 10. 0-0 0-0 11. Re1 b6 1/2-1/2

[Event "Hamburg-ch int"]
[Site "Hamburg"]
[Date "2001.06.07"]
[Round "6"]
[White "Trisic, Aleksandar"]
[Black "Dankert, Peter"]
[Result "1-0"]
[WhiteElo "2283"]
[BlackElo "2232"]
[PlyCount "91"]
[EventDate "2001.06.02"]
[EventType "swiss"]
[EventRounds "9"]
[EventCountry "GER"]
[SourceTitle "CBM 082 Extra"]
[Source "ChessBase"]
[SourceDate "2001.07.03"]
[SourceVersion "1"]
[SourceVersionDate "2001.07.03"]
[SourceQuality "1"]

1. e4 c5 2. Nc3 Nc6 3. g3 e6 4. Bg2 Nf6 5. f4 d6 6. Nf3 Be7 7. 0-0 0-0 8. d3 Rb8 9. Ne2 b5 10. h3 e5 11. g4 exf4 12. Bxf4 Qc7 13. Ng3 Ne5 14. Nf5 Bxf5 15. gxf5 Nh5 16. Bh2 g6 17. Qd2 Bf6 18. Kh1 Qe7 19. Rg1 Kh8 20. c3 c4 21. d4 Nd3 22. Rae1 Bh4 23. Nxh4 Qxh4 24. Ref1 Ng3+ 25. Bxg3 Qxg3 26. f6 g5 27. Rf5 Rg8 28. Bf1 Qh4 29. Rg4 Qh6 30. h4 Rg6 31. Bxd3 cxd3 32. Rfxg5 Re8 33. Kg2 Rxf6 34. Qe3 a6 35. Qg3 Rg6 36. Qf4 Rxg5 37. Qxg5 Qxg5 38. hxg5 Kg7 39. Kf3 Kg6 40. Kf4 f6 41. gxf6+ Kxf6 42. Rh4 Kg6 43. Rg4+ Kf6 44. Rg2 Rf8 45. Rg5 Ke6+ 46. Ke3 1-0

[Event "Hamburg-ch int"]
[Site "Hamburg"]
[Date "2001.06.06"]
[Round "5"]
[White "Dankert, Peter"]
[Black "Engelbert, Christoph"]
[Result "1-0"]
[WhiteElo "2232"]
[BlackElo "2238"]
[PlyCount "47"]
[EventDate "2001.06.02"]
[EventType "swiss"]
[EventRounds "9"]
[EventCountry "GER"]
[SourceTitle "CBM 082 Extra"]
[Source "ChessBase"]
[SourceDate "2001.07.03"]
[SourceVersion "1"]
[SourceVersionDate "2001.07.03"]
[SourceQuality "1"]

1. d4 g6 2. e4 Bg7 3. Nf3 d6 4. Nc3 Nf6 5. Be3 0-0 6. Qd2 a6 7. Bd3 b5 8. a3 Bb7 9. Bh6 Nbd7 10. Bxg7 Kxg7 11. 0-0-0 e5 12. d5 Nc5 13. h4 h6 14. g4 Nxg4 15. h5 Qf6 16. Qe2 Qf4+ 17. Kb1 f5 18. exf5 Nxd3 19. Rxd3 g5 20. Nh4 Nxf2 21. Rf3 Nxh1 22. Rxf4 exf4 23. f6+ Kf7 24. Qe6# 1-0

[Event "Oberliga Nord N 9899"]
[Site "Germany"]
[Date "1999.??.??"]
[Round "?"]
[White "Dankert, Peter"]
[Black "Buhr, Carl Christian"]
[Result "1/2-1/2"]
[WhiteElo "2275"]
[BlackElo "2320"]
[PlyCount "84"]
[EventDate "1998.10.??"]
[EventType "team"]
[EventRounds "9"]
[EventCountry "GER"]
[SourceTitle "EXT 2000"]
[Source "ChessBase"]
[SourceDate "1999.11.16"]
[SourceVersion "1"]
[SourceVersionDate "1999.11.16"]
[SourceQuality "1"]

1. d4 d6 2. Nf3 f5 3. c3 Nf6 4. Bg5 e6 5. Nbd2 Be7 6. Bxf6 Bxf6 7. e4 g6 8. Qb3 0-0 9. 0-0-0 Kh8 10. Bd3 a5 11. Qc2 Nd7 12. exf5 gxf5 13. h4 Nb6 14. g4 Bg7 15. gxf5 exf5 16. Ng5 Qf6 17. Ndf3 Bd7 18. Rde1 Rae8 19. Kb1 Ba4 20. Qd2 c5 21. Rxe8 Rxe8 22. Qf4 Bc6 23. dxc5 dxc5 24. Re1 Rxe1+ 25. Nxe1 h6 26. Qb8+ Bf8 27. Qd8 Qe7 28. Ne6 Qxd8 29. Nxd8 Be7 30. Nxc6 bxc6 31. Ng2 f4 32. Nxf4 Kg7 33. h5 Nd5 34. Ne2 Bd6 35. Bf5 Kf7 36. Bd7 Nf6 37. Bxc6 Nxh5 38. Kc2 Nf4 39. Nxf4 Bxf4 40. Kd3 Ke6 41. Kc4 Kd6 42. Be8 Bc1 1/2-1/2

[Event "Oberliga Nord N 9899"]
[Site "Germany"]
[Date "1999.??.??"]
[Round "?"]
[White "Dankert, Peter"]
[Black "Wiethaup, Moritz"]
[Result "1-0"]
[WhiteElo "2275"]
[BlackElo "2110"]
[PlyCount "50"]
[EventDate "1998.10.??"]
[EventType "team"]
[EventRounds "9"]
[EventCountry "GER"]
[SourceTitle "EXT 2000"]
[Source "ChessBase"]
[SourceDate "1999.11.16"]
[SourceVersion "1"]
[SourceVersionDate "1999.11.16"]
[SourceQuality "1"]

1. d4 Nf6 2. c4 g6 3. Nc3 d5 4. Nf3 Bg7 5. cxd5 Nxd5 6. e4 Nxc3 7. bxc3 c5 8. Bb5+ Bd7 9. Bxd7+ Qxd7 10. 0-0 0-0 11. Rb1 Nc6 12. Be3 Na5 13. dxc5 Qc7 14. Qa4 Bxc3 15. e5 b6 16. cxb6 axb6 17. Qh4 Nc4 18. Qh6 f6 19. exf6 exf6 20. Rfc1 Nd6 21. Bxb6 Qc4 22. Qe3 Ne4 23. Bd4 Bxd4 24. Nxd4 Qd5 25. Rb5 Qb3 1-0

[Event "BL2-Nord 9798"]
[Site "Germany"]
[Date "1998.??.??"]
[Round "7.6"]
[White "Pachow, Joerg"]
[Black "Dankert, Peter"]
[Result "1/2-1/2"]
[WhiteElo "2340"]
[BlackElo "2265"]
[PlyCount "146"]
[EventDate "1997.10.??"]
[EventType "team-tourn"]
[EventRounds "9"]
[EventCountry "GER"]
[SourceTitle "EXT 1999"]
[Source "ChessBase"]
[SourceDate "1998.11.16"]
[SourceVersion "1"]
[SourceVersionDate "1998.11.16"]
[SourceQuality "1"]
[WhiteTeam "Koenig Tegel"]
[BlackTeam "Hamburger SG BUE"]
[WhiteTeamCountry "GER"]
[BlackTeamCountry "GER"]

1. e4 Nf6 2. Nc3 d5 3. exd5 Nxd5 4. Bc4 e6 5. Nf3 Be7 6. 0-0 0-0 7. Re1 Nxc3 8. bxc3 Nd7 9. a4 Nf6 10. a5 Bd7 11. Ne5 Bd6 12. d4 h6 13. Qf3 Rb8 14. Qh3 Bxe5 15. Rxe5 Nh7 16. Bd2 Bc6 17. Rae1 b5 18. Bxe6 Bxg2 19. Qxg2 fxe6 20. Bxh6 Rf7 21. Rxe6 Qd7 22. d5 Rbf8 23. Be3 Nf6 24. Bc5 Nxd5 25. Bxf8 Nf4 26. Qc6 Nxe6 27. Qxd7 Rxd7 28. Rxe6 Kxf8 29. Kg2 Rd2 30. Rc6 Rxc2 31. Rxc7 a6 32. Rc6 b4 33. Rxa6 bxc3 34. Rc6 Ra2 35. Rxc3 Rxa5 36. Rc7 Kg8 37. Kg3 Kh7 38. Kg4 Ra4+ 39. f4 Ra2 40. h4 Rg2+ 41. Kf3 Rg1 42. Rc2 Ra1 43. Re2 Rh1 44. Kg3 Ra1 45. Rg2 Rb1 46. Kg4 Rb4 47. Kg5 Rb5+ 48. Kg4 Rb4 49. Re2 Rb1 50. Re3 Ra1 51. Re5 Rg1+ 52. Kf3 Rf1+ 53. Kg3 Rg1+ 54. Kf2 Ra1 55. Re1 Ra3 56. Re3 Ra1 57. Kg2 Ra2+ 58. Kg3 Ra1 59. Kg4 Rg1+ 60. Rg3 Ra1 61. Rh3 Rg1+ 62. Kf3 Ra1 63. Rh2 Ra3+ 64. Ke4 Ra4+ 65. Kf5 Ra5+ 66. Kg4 Ra1 67. h5 Kh6 68. Re2 Rg1+ 69. Kf5 Ra1 70. Re8 Kh7 71. h6 g6+ 72. Kg5 Rh1 73. Kf6 Rf1 1/2-1/2

[Event "Oberliga Nord N 9899"]
[Site "Germany"]
[Date "1998.??.??"]
[Round "?"]
[White "Sell, Achim"]
[Black "Dankert, Peter"]
[Result "0-1"]
[WhiteElo "2280"]
[BlackElo "2275"]
[PlyCount "101"]
[EventDate "1998.10.??"]
[EventType "team"]
[EventRounds "9"]
[EventCountry "GER"]
[SourceTitle "EXT 2000"]
[Source "ChessBase"]
[SourceDate "1999.11.16"]
[SourceVersion "1"]
[SourceVersionDate "1999.11.16"]
[SourceQuality "1"]

1. d4 g6 2. Bg5 Bg7 3. e4 c5 4. dxc5 Qa5+ 5. c3 Qxc5 6. Nf3 Nf6 7. Nbd2 d6 8. Bd3 0-0 9. 0-0 Nbd7 10. a4 Qc7 11. Re1 Nc5 12. Bc4 Be6 13. Qe2 Rac8 14. e5 dxe5 15. Nxe5 Bxc4 16. Nexc4 Ne6 17. Bxf6 Bxf6 18. Na3 Rfd8 19. Ne4 Bg7 20. Rad1 a6 21. g3 Qc6 22. Rxd8+ Rxd8 23. Qc2 Qd5 24. Nb1 b5 25. h4 f5 26. Ned2 Bf6 27. Nf1 Nc5 28. axb5 axb5 29. Ne3 Qe6 30. Rd1 Rxd1+ 31. Qxd1 f4 32. Nf1 fxg3 33. fxg3 Ne4 34. Qf3 Kg7 35. Kg2 Nc5 36. Nbd2 Na4 37. Qb7 Qe2+ 38. Kh3 Nxb2 39. Qc6 Nd1 40. Qd5 Nf2+ 41. Kg2 Ne4+ 42. Kh3 Nxc3 43. Qb7 Nd1 44. Qf3 Qxf3 45. Nxf3 Bc3 46. Kg4 b4 47. Kf4 b3 48. N1d2 Bxd2+ 49. Nxd2 b2 50. Nb1 Nf2 51. Ke3 0-1

[Event "BL2-Nord 9697"]
[Site "Germany"]
[Date "1997.??.??"]
[Round "?.4"]
[White "Dankert, Peter"]
[Black "Schian, Thomas"]
[Result "1-0"]
[WhiteElo "2305"]
[BlackElo "2290"]
[PlyCount "87"]
[EventDate "1996.10.??"]
[EventType "team-tourn"]
[EventRounds "9"]
[EventCountry "GER"]
[SourceTitle "GER-chT2"]
[Source "ChessBase"]
[SourceDate "1999.07.01"]
[SourceVersion "1"]
[SourceVersionDate "1999.07.01"]
[SourceQuality "1"]
[WhiteTeam "Hamburger SG BUE"]
[BlackTeam "Kreuzberg"]
[WhiteTeamCountry "GER"]
[BlackTeamCountry "GER"]

1. d4 f5 2. Nf3 Nf6 3. g3 g6 4. Bg2 Bg7 5. 0-0 0-0 6. b3 d6 7. Bb2 e5 8. dxe5 Ng4 9. Na3 Nc6 10. Qd5+ Kh8 11. Nc4 dxe5 12. Qxd8 Rxd8 13. h3 Nh6 14. Nfxe5 Nxe5 15. Bxe5 Bxe5 16. Nxe5 Rd2 17. e3 Rxc2 18. Rfd1 Kg7 19. Rd8 Ng8 20. Re8 Rd2 21. Rc1 c6 22. Nxc6 bxc6 23. Rxc6 Bd7 24. Rxa8 Bxc6 25. Bxc6 Rxa2 26. b4 Ne7 27. b5 Kf6 28. Bb7 Rb2 29. Ba6 Nd5 30. Rxa7 Nc3 31. Rc7 Nxb5 32. Bxb5 Rxb5 33. Rxh7 Rb2 34. h4 Ra2 35. h5 gxh5 36. Rxh5 Kg6 37. Rh8 Rb2 38. Ra8 Rb4 39. Kg2 Kg5 40. Rd8 Rb7 41. Rg8+ Kf6 42. g4 Kf7 43. Rg5 fxg4 44. Rxg4 1-0

[Event "Hamburg-ch"]
[Site "Hamburg"]
[Date "1997.??.??"]
[Round "6"]
[White "Kroencke, Manfred"]
[Black "Dankert, Peter"]
[Result "1/2-1/2"]
[WhiteElo "2185"]
[BlackElo "2305"]
[PlyCount "43"]
[EventDate "1997.??.??"]
[EventType "swiss"]
[EventRounds "9"]
[EventCountry "GER"]
[SourceTitle "EXT 1998"]
[Source "ChessBase"]
[SourceDate "1997.11.17"]
[SourceVersion "1"]
[SourceVersionDate "1997.11.17"]
[SourceQuality "1"]

1. e4 c5 2. Nf3 e6 3. d3 Nc6 4. g3 d5 5. Nbd2 Bd6 6. Bg2 Nge7 7. 0-0 b6 8. Re1 0-0 9. c3 Bc7 10. a3 a5 11. b3 Ba6 12. Bf1 Qd7 13. e5 d4 14. c4 Ng6 15. Bg2 Ra7 16. Ne4 Ngxe5 17. Nfg5 f5 18. f4 fxe4 19. fxe5 h6 20. Nxe4 Nxe5 21. Bf4 Ng6 22. Bxc7 1/2-1/2

[Event "BL2-Nord 9697"]
[Site "Germany"]
[Date "1996.??.??"]
[Round "?.3"]
[White "Dankert, Peter"]
[Black "Blauert, Joerg"]
[Result "0-1"]
[WhiteElo "2300"]
[BlackElo "2385"]
[PlyCount "122"]
[EventDate "1996.10.??"]
[EventType "team-tourn"]
[EventRounds "9"]
[EventCountry "GER"]
[SourceTitle "GER-chT2"]
[Source "ChessBase"]
[SourceDate "1999.07.01"]
[SourceVersion "1"]
[SourceVersionDate "1999.07.01"]
[SourceQuality "1"]
[WhiteTeam "Hamburger SG BUE"]
[BlackTeam "Luebeck"]
[WhiteTeamCountry "GER"]
[BlackTeamCountry "GER"]

1. d4 e6 2. c4 Nf6 3. Nf3 d5 4. Nc3 Be7 5. Bg5 0-0 6. e3 Nbd7 7. Rc1 c6 8. Bd3 dxc4 9. Bxc4 Nd5 10. Bxe7 Qxe7 11. 0-0 Nxc3 12. Rxc3 e5 13. Qc2 exd4 14. exd4 Nb6 15. Bb3 Be6 16. Re1 Bxb3 17. Rxb3 Qf6 18. Rbe3 Nd5 19. Re5 Rad8 20. a3 Qg6 21. Qc1 f6 22. Nh4 Qf7 23. R5e4 Rfe8 24. h3 g6 25. Nf3 Rxe4 26. Rxe4 Re8 27. Qe1 Rxe4 28. Qxe4 Qe7 29. Qxe7 Nxe7 30. Kf1 Kf7 31. Ke2 Ke6 32. Kd3 Kd5 33. Ng1 Nf5 34. Ne2 g5 35. Nc3+ Ke6 36. g3 Nd6 37. f3 h5 38. g4 hxg4 39. hxg4 f5 40. b3 Ne8 41. gxf5+ Kxf5 42. d5 cxd5 43. Nxd5 Nd6 44. a4 Ke5 45. Nc3 Kf4 46. Ke2 Nf5 47. Kf2 Nd4 48. Ne2+ Ke5 49. Nc1 Nf5 50. Ne2 Kd5 51. Nc3+ Kc5 52. Ne4+ Kb4 53. Nxg5 Kxb3 54. Ne4 b6 55. a5 bxa5 56. Nc5+ Kc4 57. Na4 Kb4 58. Nb2 Kb3 59. Nd3 a4 60. Nc5+ Kb4 61. Nd3+ Kc3 0-1

[Event "Oberliga Nord N 9596"]
[Site "Germany"]
[Date "1996.??.??"]
[Round "?"]
[White "Sahlender, Frank"]
[Black "Dankert, Peter"]
[Result "1-0"]
[WhiteElo "2250"]
[BlackElo "2275"]
[PlyCount "103"]
[EventDate "1995.10.??"]
[EventType "team"]
[EventRounds "9"]
[EventCountry "GER"]
[SourceTitle "EXT 1999"]
[Source "ChessBase"]
[SourceDate "1998.11.16"]
[SourceVersion "1"]
[SourceVersionDate "1998.11.16"]
[SourceQuality "1"]

1. d4 Nf6 2. Nf3 e6 3. Bg5 h6 4. Bxf6 Qxf6 5. e4 d6 6. Bd3 Nc6 7. c3 g5 8. 0-0 Bd7 9. b4 e5 10. Bb5 a6 11. Bxc6 Bxc6 12. d5 Bd7 13. Qd3 Be7 14. a4 0-0 15. Nbd2 Qg6 16. Nc4 Rad8 17. Ne3 f5 18. exf5 Bxf5 19. Nxf5 Qxf5 20. Qxf5 Rxf5 21. Rae1 Rc8 22. Re4 c6 23. dxc6 bxc6 24. c4 d5 25. Rxe5 Rxe5 26. Nxe5 Bxb4 27. cxd5 cxd5 28. g3 Bd6 29. Ng4 Kg7 30. Rd1 Re8 31. Ne3 Re6 32. Rxd5 Kg6 33. Kg2 Be7 34. Rd7 Bf6 35. Ng4 Bc3 36. Ne3 Bf6 37. Ng4 Bc3 38. Ne3 Bf6 39. Nd5 h5 40. Rb7 Rd6 41. Nxf6 Kxf6 42. a5 Kf5 43. Rb6 Ke5 44. f4+ gxf4 45. gxf4+ Kd5 46. Rxd6+ Kxd6 47. Kf3 Kd5 48. Ke3 Ke6 49. Ke4 h4 50. h3 Kf6 51. f5 Kf7 52. Kf4 1-0

[Event "Wichern op 3rd"]
[Site "Hamburg"]
[Date "1995.??.??"]
[Round "5"]
[White "Dankert, Peter"]
[Black "Hector, Jonny"]
[Result "0-1"]
[WhiteElo "2275"]
[BlackElo "2510"]
[PlyCount "119"]
[EventDate "1995.09.??"]
[EventType "swiss"]
[EventRounds "9"]
[EventCountry "GER"]
[SourceTitle "EXT 1997"]
[Source "ChessBase"]
[SourceDate "1996.11.15"]
[SourceVersion "1"]
[SourceVersionDate "1996.11.15"]
[SourceQuality "1"]

1. d4 d5 2. Nf3 Nf6 3. c4 c6 4. e3 Bf5 5. Qb3 Qb6 6. Nc3 e6 7. c5 Qc7 8. Be2 h6 9. 0-0 Nbd7 10. Bd2 Be7 11. Rfc1 0-0 12. Qd1 Rae8 13. b4 e5 14. dxe5 Nxe5 15. Nxe5 Qxe5 16. Bf3 Bd8 17. Ne2 Ne4 18. Bxe4 Bxe4 19. Bc3 Qg5 20. Ng3 f5 21. Qh5 f4 22. Qxg5 Bxg5 23. exf4 Bxf4 24. Re1 Bg6 25. Ne2 Bg5 26. Nd4 Bf6 27. f3 Bh4 28. g3 Bf6 29. Kg2 Bh5 30. Rxe8 Rxe8 31. Kf2 Rf8 32. f4 g5 33. Ke3 Re8+ 34. Kd3 gxf4 35. gxf4 Re4 36. f5 Kf7 37. Rg1 Rh4 38. Rg2 Be5 39. a4 Rh3+ 40. Kd2 Bf4+ 41. Kc2 Rxh2 42. Rxh2 Bxh2 43. Bd2 Kg7 44. Ne6+ Kf6 45. Bxh6 Bg4 46. Nd4 Bxf5+ 47. Kc3 Be5 48. Be3 Bc7 49. a5 Ke5 50. a6 bxa6 51. Nxc6+ Ke4 52. Bd4 Bg3 53. Bg7 Be1+ 54. Kb3 Bf2 55. Kc3 Bg4 56. Kd2 Bd7 57. Nxa7 Be3+ 58. Ke1 d4 59. c6 Bg4 60. Bh6 0-1

[Event "Hamburg-ch"]
[Site "Hamburg"]
[Date "1995.??.??"]
[Round "9"]
[White "Dankert, Peter"]
[Black "Zieher, Hartmut"]
[Result "1-0"]
[WhiteElo "2275"]
[BlackElo "2230"]
[PlyCount "72"]
[EventDate "1995.??.??"]
[EventType "swiss"]
[EventRounds "9"]
[EventCountry "GER"]
[SourceTitle "EXT 2014"]
[Source "ChessBase"]
[SourceDate "2013.11.20"]
[SourceVersion "1"]
[SourceVersionDate "2013.11.20"]
[SourceQuality "1"]

1. d4 d5 2. c4 dxc4 3. Nf3 Nf6 4. Nc3 a6 5. e4 b5 6. e5 Nd5 7. Be2 e6 8. 0-0 Bb7 9. a4 Nd7 10. axb5 Nxc3 11. bxc3 axb5 12. Rb1 Ra5 13. Ng5 Be7 14. h4 Qa8 15. Bf3 Bxf3 16. Nxf3 0-0 17. Re1 c5 18. Bg5 Bxg5 19. Nxg5 h6 20. Ne4 cxd4 21. Qxd4 Qc6 22. Re3 Nb6 23. Rg3 Nd5 24. Nf6+ Nxf6 25. exf6 g6 26. Qf4 Kh7 27. h5 g5 28. Qe5 Rc8 29. Rd1 Ra7 30. Rd6 Qc5 31. Qe4+ Kh8 32. Rd1 b4 33. cxb4 Qxb4 34. Qe3 Qa4 35. Rc1 Rd7 36. Rxg5 c3 1-0

[Event "Hamburg-ch"]
[Site "Hamburg"]
[Date "1994.??.??"]
[Round "4"]
[White "Dankert, Peter"]
[Black "Pajeken, Wolfgang"]
[Result "1-0"]
[WhiteElo "2280"]
[BlackElo "2210"]
[PlyCount "80"]
[EventDate "1994.??.??"]
[EventType "swiss"]
[EventRounds "9"]
[EventCountry "GER"]
[SourceTitle "EXT 1997"]
[Source "ChessBase"]
[SourceDate "1996.11.15"]
[SourceVersion "1"]
[SourceVersionDate "1996.11.15"]
[SourceQuality "1"]

1. d4 Nf6 2. c4 e6 3. Nf3 c5 4. d5 exd5 5. cxd5 d6 6. Nc3 g6 7. Bg5 Bg7 8. e4 h6 9. Bh4 0-0 10. Nd2 a6 11. a4 Qe7 12. Be2 Nbd7 13. 0-0 g5 14. Bg3 Ne5 15. f4 gxf4 16. Bxf4 Rb8 17. Kh1 Bd7 18. a5 Ne8 19. Nc4 Ng6 20. Bg3 Bb5 21. Ne3 Bd7 22. Bg4 b5 23. Bxd7 Qxd7 24. Nf5 Kh7 25. Qd2 Rd8 26. Nd1 Qc7 27. Nde3 Nf6 28. Nxg7 Nxe4 29. Qc1 Nxg3+ 30. hxg3 Kxg7 31. Nf5+ Kf6 32. Qc3+ Ne5 33. Nxd6+ Kg6 34. Qc2+ Kg7 35. Nf5+ Kh7 36. d6 Qd7 37. Rae1 Ng6 38. Qd2 Rh8 39. Kg1 Kg8 40. Qc3 Rh7 1-0

[Event "Hamburg-ch"]
[Site "Hamburg"]
[Date "1994.??.??"]
[Round "5"]
[White "Ritscher, Jan Paul"]
[Black "Dankert, Peter"]
[Result "1/2-1/2"]
[WhiteElo "2320"]
[BlackElo "2280"]
[PlyCount "50"]
[EventDate "1994.??.??"]
[EventType "swiss"]
[EventRounds "9"]
[EventCountry "GER"]
[SourceTitle "EXT 1997"]
[Source "ChessBase"]
[SourceDate "1996.11.15"]
[SourceVersion "1"]
[SourceVersionDate "1996.11.15"]
[SourceQuality "1"]

1. e4 c5 2. Nf3 e6 3. d4 cxd4 4. Nxd4 a6 5. c4 d6 6. Be2 Nf6 7. Nc3 Be7 8. 0-0 Qc7 9. Be3 b6 10. f4 Bb7 11. Bf3 Nbd7 12. Qe2 0-0 13. Rac1 Rac8 14. b3 Rfe8 15. g4 e5 16. Nf5 exf4 17. Bxf4 Ne5 18. Nd5 Nxd5 19. cxd5 Qd8 20. Bxe5 Rxc1 21. Rxc1 dxe5 22. Nxe7+ Qxe7 23. Qd2 Rd8 24. h3 h6 25. Kg2 Kh7 1/2-1/2

[Event "Hamburg-ch"]
[Site "Hamburg"]
[Date "1994.??.??"]
[Round "9"]
[White "Wilhelmi, Christian"]
[Black "Dankert, Peter"]
[Result "1/2-1/2"]
[WhiteElo "2280"]
[BlackElo "2280"]
[PlyCount "25"]
[EventDate "1994.??.??"]
[EventType "swiss"]
[EventRounds "9"]
[EventCountry "GER"]
[SourceTitle "EXT 1997"]
[Source "ChessBase"]
[SourceDate "1996.11.15"]
[SourceVersion "1"]
[SourceVersionDate "1996.11.15"]
[SourceQuality "1"]

1. Nf3 d5 2. g3 Bg4 3. Bg2 Nd7 4. 0-0 Ngf6 5. d3 e6 6. Nbd2 Bc5 7. c4 c6 8. b3 0-0 9. Bb2 a5 10. a3 Re8 11. d4 Bf8 12. Re1 b5 13. cxb5 1/2-1/2

[Event "Wichern op 2nd"]
[Site "Hamburg"]
[Date "1993.??.??"]
[Round "5"]
[White "Dankert, Peter"]
[Black "Jordan, Wolfgang"]
[Result "1/2-1/2"]
[WhiteElo "2290"]
[BlackElo "2310"]
[PlyCount "160"]
[EventDate "1993.10.??"]
[EventType "swiss"]
[EventRounds "9"]
[EventCountry "GER"]
[SourceTitle "EXT 1997"]
[Source "ChessBase"]
[SourceDate "1996.11.15"]
[SourceVersion "1"]
[SourceVersionDate "1996.11.15"]
[SourceQuality "1"]

1. d4 d5 2. c4 e6 3. Nc3 Nf6 4. Bg5 Be7 5. Nf3 c6 6. e3 h6 7. Bxf6 Bxf6 8. Qc2 Na6 9. a3 Qa5 10. Rc1 dxc4 11. Bxc4 Nc7 12. 0-0 Nd5 13. Ne4 Be7 14. Rfd1 0-0 15. Ng3 Bd7 16. Ba2 Nf6 17. Bb1 Rfd8 18. Ne5 Be8 19. h4 Rac8 20. Nc4 Qc7 21. b4 Bd6 22. Ne4 Nxe4 23. Qxe4 g6 24. h5 Qe7 25. Nxd6 Rxd6 26. hxg6 fxg6 27. Rc3 Rc7 28. Rdc1 a6 29. Rc5 Rd5 30. Ba2 Rd6 31. Qf4 Kg7 32. Re5 Bf7 33. a4 Rcd7 34. Rec5 Qf6 35. Qxf6+ Kxf6 36. f4 Be8 37. g4 Rh7 38. Kf2 h5 39. Rh1 b6 40. Re5 Bf7 41. Bc4 b5 42. Be2 Rd8 43. a5 Rdh8 44. g5+ Ke7 45. Rc1 Rc8 46. Bf3 Kd6 47. Rec5 Be8 48. Kg3 Rhc7 49. e4 Bd7 50. Be2 Rg8 51. Bd3 Rcc8 52. e5+ Kc7 53. d5 exd5 54. Rxd5 Rce8 55. Rd6 h4+ 56. Kf3 Rgf8 57. Ke3 h3 58. Rxg6 Rh8 59. Be4 h2 60. Rh6 Rxh6 61. gxh6 Re6 62. h7 Rh6 63. Rh1 c5 64. f5 Rxh7 65. f6 Rh8 66. bxc5 Be6 67. Rd1 Rh5 68. Rf1 Rxe5 69. Kd4 Rxe4+ 70. Kxe4 Kc6 71. Ke5 Bd5 72. Kd4 b4 73. f7 Bxf7 74. Rh1 Kb5 75. Rxh2 Kxa5 76. Rh7 Be6 77. Rb7 Bh3 78. Rb8 Ka4 79. c6 a5 80. c7 Kb3 1/2-1/2